| 000 | 00423cam a2200169ua 4500 | ||
|---|---|---|---|
| 020 | _cRs.12/- | ||
| 041 |
_aeng _h |
||
| 082 |
_a421.52 _bPAR/YO |
||
| 100 | _aPartridge, Partridge. | ||
| 245 |
_aYou have a point there / _cPsttridge, Eric. _hTextual Documents |
||
| 260 |
_aLondon : _b Hamish hamilton , _c1960. |
||
| 300 | _a230 ; . | ||
| 365 | _aRs.12/- | ||
| 504 | _a | ||
| 942 | _cBK | ||
| 999 |
_c11768 _d11768 |
||